000 01475cam a2200349 i 4500
001 17100328
003 OSt
005 20180117085953.0
008 111229s2011 pk b 001 0 eng
010 _a 2011314990
020 _a9789694073965
025 _aP-E-2011314990; 28
037 _bLibrary of Congress -- Islamabad Overseas Office
_cRs 695.00
040 _aDLC
_beng
_cDLC
_erda
_dDLC
042 _alcode
_apcc
043 _aa-af---
050 0 0 _aDS371.4
_b.J345 2011
100 1 _aJalālzaʼī, Mūsá K̲h̲ān,
_eauthor.
245 1 0 _aCivil war and the partition of Afghanistan :
_bindependent Pashtunistan, Khurasan, Blackwater and warlord militias /
_cMusa Khan Jalalzai.
260 _aKarachi
_bRoyal book company
_c2011
300 _axvii, 222 pages ;
_c22 cm
504 _aIncludes bibliographical references (pages 210-215) and index.
650 0 _aWar on Terrorism, 2001-2009.
650 0 _aAfghan War, 2001-
650 0 _aPushtuns
_xPolitics and government.
651 0 _aAfghanistan
_xPolitics and government
_y2001-
906 _a7
_bcbc
_corigode
_d3
_encip
_f20
_gy-gencatlg
942 _2ddc
_cBK
999 _c2978
_d2978